000 00631nam a22001937a 4500
003 OSt
005 20241022102719.0
008 241022b |||||||| |||| 00| 0 eng d
020 _a958616361X
037 _bDonación
040 _aCO-JMCR
_cCO-JMCR
_bspa
_dCO-JMCR
_erda
041 0 _aspa
082 0 4 _a368.012
_bO65c
_223
100 1 _aOrdóñez Ordóñez, Andrés,
_d1949-2016.
_eautor
_943893
245 1 3 _aEl contrato de seguro :
_bley 389 de 1997 y otros estudios /
_cAndrés E. Ordóñez Ordóñez.
260 _aBogotá :
_bUniversidad Externado de Colombia,
_c1997.
300 _a210 páginas ;
_c21 cm.
942 _2ddc
_cBK
999 _c30865
_d17249